[Event "Angers op 15th"]
[Site "Angers"]
[Date "2022.05.27"]
[Round "1"]
[White "Primel, Dominique"]
[Black "Harutyunyan, Safar"]
[Result "0-1"]
[WhiteElo "1855"]
[BlackElo "2222"]
[PlyCount "78"]
[EventDate "2022.05.27"]
[EventType "swiss"]
[EventRounds "6"]
[EventCountry "FRA"]
[SourceTitle "CBM 208 Extra"]
[Source "ChessBase"]
[SourceDate "2022.07.31"]
[SourceVersion "1"]
[SourceVersionDate "2022.07.31"]
[SourceQuality "1"]

1. Nf3 Nf6 2. c4 c6 3. e3 d5 4. Nc3 a6 5. d4 e6 6. Bd3 Nbd7 7. 0-0 Bd6 8. Qe2 dxc4 9. Bxc4 b5 10. Bb3 c5 11. Bd2 0-0 12. Rfd1 Bb7 13. Rac1 Rc8 14. Be1 Qe7 15. e4 cxd4 16. e5 Nxe5 17. Nxe5 dxc3 18. Bxc3 Ne4 19. Nf3 Nxc3 20. bxc3 Rfd8 21. a4 bxa4 22. Bxa4 Bxf3 23. Qxf3 Qh4 24. Bc2 Qxh2+ 25. Kf1 Rc5 26. g3 g6 27. Qf6 Rf8 28. Be4 Be5 29. Qf3 Qh6 30. Kg2 Qg7 31. c4 Qf6 32. Qe3 Rcc8 33. Bb7 Rb8 34. Bxa6 Rb2 35. c5 Ra8 36. Bc4 Ra3 37. Qe1 Rxg3+ 38. Kf1 Rh3 39. Rd7 Kg7 0-1

[Event "Angers op 13th"]
[Site "Angers"]
[Date "2018.05.13"]
[Round "6"]
[White "Mayer, Philippe"]
[Black "Primel, Dominique"]
[Result "1/2-1/2"]
[WhiteElo "2051"]
[BlackElo "2006"]
[PlyCount "41"]
[EventDate "2018.05.11"]
[EventType "swiss"]
[EventRounds "6"]
[EventCountry "FRA"]
[SourceTitle "CBM 184 Extra"]
[Source "ChessBase"]
[SourceDate "2018.06.28"]
[SourceVersion "1"]
[SourceVersionDate "2018.06.28"]
[SourceQuality "1"]

1. d4 Nf6 2. c4 e6 3. Nf3 b6 4. g3 c6 5. Bg2 d5 6. 0-0 Be7 7. Ne5 0-0 8. Nc3 Bb7 9. e4 dxc4 10. Ng4 Nxg4 11. Qxg4 Qxd4 12. Rd1 Qf6 13. Qe2 e5 14. h4 Bc5 15. Bg5 Qe6 16. Kh2 Bc8 17. Rd2 Bd4 18. Rad1 Na6 19. Rxd4 exd4 20. Rxd4 c5 21. Rd5 1/2-1/2

[Event "Angers op 13th"]
[Site "Angers"]
[Date "2018.05.11"]
[Round "2"]
[White "Brault, Gabriel"]
[Black "Primel, Dominique"]
[Result "0-1"]
[WhiteElo "1842"]
[BlackElo "2006"]
[PlyCount "50"]
[EventDate "2018.05.11"]
[EventType "swiss"]
[EventRounds "6"]
[EventCountry "FRA"]
[SourceTitle "CBM 184 Extra"]
[Source "ChessBase"]
[SourceDate "2018.06.28"]
[SourceVersion "1"]
[SourceVersionDate "2018.06.28"]
[SourceQuality "1"]

1. e4 c5 2. Be2 e6 3. f4 d5 4. d3 Be7 5. Nf3 Nc6 6. 0-0 Nf6 7. Nc3 d4 8. Nb1 0-0 9. a4 b6 10. Na3 Bb7 11. Qe1 a6 12. Bd2 Nb4 13. Bd1 b5 14. Bxb4 cxb4 15. Nb1 bxa4 16. Rxa4 Ng4 17. Nbd2 Ne3 18. Rf2 Qb6 19. Ne5 Qb5 20. b3 Bc5 21. Ndc4 a5 22. Nxe3 dxe3 23. Re2 f5 24. exf5 Rxf5 25. g3 Rxe5 0-1

[Event "Cappelle op 34th"]
[Site "Cappelle la Grande"]
[Date "2018.03.10"]
[Round "9.48"]
[White "Primel, Dominique"]
[Black "Makoveev, Ilya"]
[Result "1/2-1/2"]
[WhiteElo "1998"]
[BlackElo "2335"]
[PlyCount "38"]
[EventDate "2018.03.03"]
[EventType "swiss"]
[EventRounds "9"]
[EventCountry "FRA"]
[SourceTitle "EXT 2019"]
[Source "ChessBase"]
[SourceDate "2018.10.10"]
[SourceVersion "1"]
[SourceVersionDate "2018.10.10"]
[SourceQuality "1"]

1. d4 Nf6 2. c4 e6 3. Nf3 Bb4+ 4. Bd2 Be7 5. g3 d5 6. Bg2 0-0 7. 0-0 c6 8. Bf4 b6 9. Nbd2 Nbd7 10. Ne5 Bb7 11. e4 Rc8 12. Nxd7 Qxd7 13. e5 Ne8 14. cxd5 cxd5 15. Qb3 Nc7 16. Rfc1 Bc6 17. h4 Kh8 18. Nf3 b5 19. h5 b4 1/2-1/2

[Event "Cappelle op 34th"]
[Site "Cappelle la Grande"]
[Date "2018.03.03"]
[Round "1.41"]
[White "Primel, Dominique"]
[Black "Valuet, Bertrand"]
[Result "0-1"]
[WhiteElo "1998"]
[BlackElo "2271"]
[PlyCount "64"]
[EventDate "2018.03.03"]
[EventType "swiss"]
[EventRounds "9"]
[EventCountry "FRA"]
[SourceTitle "EXT 2019"]
[Source "ChessBase"]
[SourceDate "2018.10.10"]
[SourceVersion "1"]
[SourceVersionDate "2018.10.10"]
[SourceQuality "1"]

1. d4 Nf6 2. c4 g6 3. Nc3 d5 4. cxd5 Nxd5 5. Nf3 Bg7 6. e4 Nxc3 7. bxc3 c5 8. Be3 Qa5 9. Qd2 Nc6 10. Rc1 cxd4 11. cxd4 Qxd2+ 12. Kxd2 f5 13. d5 fxe4 14. dxc6 exf3 15. c7 Bd7 16. gxf3 Rc8 17. Bc4 e6 18. Bxa7 Rxc7 19. Bxe6 Rxc1 20. Bxd7+ Kxd7 21. Rxc1 Ra8 22. Bb6 Bh6+ 23. Be3 Rxa2+ 24. Rc2 Rxc2+ 25. Kxc2 Bg7 26. Kb3 Kc6 27. Kc4 b5+ 28. Kd3 Kd5 29. h3 Bf8 30. Ba7 Bg7 31. Be3 b4 32. Ba7 b3 0-1

[Event "Sautron op 17th"]
[Site "Sautron"]
[Date "2017.10.26"]
[Round "7.6"]
[White "Eugene, Floryan"]
[Black "Primel, Dominique"]
[Result "1-0"]
[WhiteElo "2403"]
[BlackElo "1972"]
[PlyCount "51"]
[EventDate "2017.10.22"]
[EventType "swiss"]
[EventRounds "9"]
[EventCountry "FRA"]
[SourceTitle "CBM 181 Extra"]
[Source "ChessBase"]
[SourceDate "2017.12.12"]
[SourceVersion "1"]
[SourceVersionDate "2017.12.12"]
[SourceQuality "1"]

1. e4 c6 2. d4 d5 3. e5 c5 4. dxc5 e6 5. Be3 Nc6 6. Nf3 Nge7 7. c3 a5 8. Na3 Ng6 9. Bd4 Be7 10. h4 h5 11. Nb5 f6 12. Nd6+ Kf8 13. exf6 gxf6 14. Nxc8 Rxc8 15. Qd2 Kf7 16. Rh3 Qf8 17. Bd3 e5 18. Bxg6+ Kxg6 19. Rg3+ Kh7 20. Qc2+ e4 21. Nd2 Rg8 22. Nf1 f5 23. Rxg8 Qxg8 24. Qe2 Qg4 25. Ne3 Rd8 26. Nxg4 1-0

[Event "Sautron op 17th"]
[Site "Sautron"]
[Date "2017.10.23"]
[Round "4"]
[White "Moyon, Pascal"]
[Black "Primel, Dominique"]
[Result "0-1"]
[WhiteElo "1799"]
[BlackElo "1972"]
[PlyCount "36"]
[EventDate "2017.10.22"]
[EventType "swiss"]
[EventRounds "9"]
[EventCountry "FRA"]
[SourceTitle "CBM 181 Extra"]
[Source "ChessBase"]
[SourceDate "2017.12.12"]
[SourceVersion "1"]
[SourceVersionDate "2017.12.12"]
[SourceQuality "1"]

1. d4 Nf6 2. c4 e6 3. Nc3 Bb4 4. Qc2 0-0 5. Nf3 c5 6. dxc5 Na6 7. a3 Bxc3+ 8. Qxc3 Nxc5 9. b4 Nce4 10. Qd4 d6 11. Bb2 e5 12. Qe3 a5 13. h3 axb4 14. axb4 Rxa1+ 15. Bxa1 Be6 16. Qc1 Qb6 17. e3 Qxb4+ 18. Nd2 Ra8 0-1

[Event "Sautron op qual 17th"]
[Site "Sautron"]
[Date "2017.09.01"]
[Round "6"]
[White "Primel, Dominique"]
[Black "Le Goff, Ronan"]
[Result "1/2-1/2"]
[WhiteElo "1953"]
[BlackElo "2280"]
[PlyCount "101"]
[EventDate "2017.10.22"]
[EventType "swiss"]
[EventRounds "9"]
[EventCountry "FRA"]
[SourceTitle "EXT 2020"]
[Source "ChessBase"]
[SourceDate "2019.10.17"]
[SourceVersion "1"]
[SourceVersionDate "2019.10.17"]
[SourceQuality "1"]

1. Nf3 Nf6 2. c4 e6 3. g3 d5 4. Bg2 Be7 5. d4 0-0 6. 0-0 dxc4 7. Qc2 a6 8. a4 Bd7 9. Qxc4 Bc6 10. Bg5 a5 11. Nc3 Na6 12. Bxf6 Bxf6 13. e4 Nb4 14. Rad1 b6 15. Rd2 Bb7 16. Rfd1 Ba6 17. Qb3 c6 18. Bf1 Bxf1 19. Kxf1 g6 20. Kg2 Bg7 21. Na2 Nxa2 22. Qxa2 Ra7 23. Qc4 Qa8 24. Qb3 Rb8 25. d5 exd5 26. exd5 Rd7 27. dxc6 Rxd2 28. Rxd2 Qxc6 29. Qc2 Qb7 30. Qd1 Rf8 31. b3 h6 32. Rd7 Qe4 33. Rd6 g5 34. h3 Qb7 35. Rd7 Qb8 36. Qd5 Qc8 37. Nd2 Qc5 38. Nc4 Bc3 39. Qxc5 bxc5 40. Ra7 Re8 41. Kf3 Rb8 42. Nxa5 Bxa5 43. Rxa5 Rxb3+ 44. Kg4 Kg7 45. Rxc5 Kg6 46. h4 Rb4+ 47. Kh3 gxh4 48. gxh4 Rb1 49. f3 f6 50. Kg3 Rf1 51. Kf4 1/2-1/2

[Event "Fontenay le Comte Pohu Cup 16th"]
[Site "Fontenay le Comte"]
[Date "2017.06.05"]
[Round "5"]
[White "Primel, Dominique"]
[Black "Crouan, Stephane"]
[Result "1/2-1/2"]
[WhiteElo "1898"]
[BlackElo "2192"]
[PlyCount "114"]
[EventDate "2017.06.03"]
[EventType "swiss"]
[EventRounds "7"]
[EventCountry "FRA"]
[SourceTitle "EXT 2018"]
[Source "ChessBase"]
[SourceDate "2017.10.13"]
[SourceVersion "1"]
[SourceVersionDate "2017.10.13"]
[SourceQuality "1"]

1. d4 g6 2. c4 Nf6 3. Nf3 Bg7 4. Nc3 0-0 5. e4 d6 6. Be2 c6 7. h3 a6 8. a4 a5 9. Be3 Na6 10. 0-0 Nd7 11. Qd2 e5 12. dxe5 dxe5 13. Rad1 Re8 14. Qc2 Qe7 15. Rfe1 Ndc5 16. Bf1 Nb4 17. Qb1 h6 18. b3 Kh7 19. Re2 Bf8 20. Red2 Qf6 21. Nh2 Ne6 22. Ng4 Qh8 23. g3 h5 24. Nh2 Qf6 25. Bg2 Nc5 26. Nf3 Ne6 27. h4 Kg8 28. Qc1 Nc5 29. Qb1 Bg4 30. Bg5 Qg7 31. Re1 f6 32. Be3 Rad8 33. Red1 Qc7 34. Bxc5 Bxc5 35. Qc1 Kg7 36. Ne2 Qb6 37. Nc3 Bd4 38. Rf1 Bc5 39. Rfd1 Bd4 40. Rf1 Na6 41. Qc2 Nc5 42. Rb1 Bxf3 43. Bxf3 Ne6 44. Rf1 Bc5 45. Rxd8 Rxd8 46. Ne2 Bd4 47. Bg2 Qb4 48. Nc1 Qd6 49. Ne2 Bc5 50. Bh3 Nc7 51. Rc1 Qd3 52. Qxd3 Rxd3 53. Rc3 Rd2 54. Bf1 f5 55. exf5 gxf5 56. Rf3 Kf6 57. Nc3 Kg6 1/2-1/2

[Event "Angers op 12th"]
[Site "Angers"]
[Date "2017.05.27"]
[Round "4"]
[White "Primel, Dominique"]
[Black "Dieu, Bruno"]
[Result "1/2-1/2"]
[WhiteElo "1895"]
[BlackElo "2255"]
[PlyCount "84"]
[EventDate "2017.05.26"]
[EventType "swiss"]
[EventRounds "6"]
[EventCountry "FRA"]
[SourceTitle "CBM 178 Extra"]
[Source "ChessBase"]
[SourceDate "2017.06.22"]
[SourceVersion "1"]
[SourceVersionDate "2017.06.22"]
[SourceQuality "1"]

1. Nf3 e6 2. c4 b6 3. g3 Bb7 4. Bg2 f5 5. 0-0 Nf6 6. d4 Be7 7. Nc3 0-0 8. d5 exd5 9. cxd5 Bb4 10. Nd4 Na6 11. Bf4 Bxc3 12. bxc3 d6 13. c4 Qe7 14. Nc2 Ne4 15. Nd4 Qf6 16. Rc1 g5 17. Be3 Nec5 18. Nb3 Rae8 19. Bd4 Qg6 20. Ba1 Bc8 21. Nd4 Bd7 22. Nc6 Bxc6 23. dxc6 Ne4 24. Qd5+ Re6 25. f3 Nec5 26. e4 Nb4 27. Qd2 Nxc6 28. exf5 Qxf5 29. Rce1 Rxe1 30. Rxe1 Ne5 31. Bxe5 dxe5 32. Qd5+ Qe6 33. Qxe6+ Nxe6 34. Rxe5 Kf7 35. Bh3 Nd4 36. Kf2 Kg6 37. Re3 Rf6 38. c5 bxc5 39. Ra3 h5 40. Bf1 a5 41. Bd3+ Kf7 42. Be4 Ra6 1/2-1/2

[Event "Sautron op 16th"]
[Site "Sautron"]
[Date "2016.10.24"]
[Round "3.23"]
[White "Gavasheli, Ana"]
[Black "Primel, Dominique"]
[Result "1-0"]
[WhiteElo "2205"]
[BlackElo "1899"]
[PlyCount "61"]
[EventDate "2016.10.22"]
[EventType "swiss"]
[EventRounds "9"]
[EventCountry "FRA"]
[SourceTitle "EXT 2019"]
[Source "ChessBase"]
[SourceDate "2018.10.10"]
[SourceVersion "1"]
[SourceVersionDate "2018.10.10"]
[SourceQuality "1"]

1. d4 d5 2. Nf3 Nf6 3. c4 e6 4. Nbd2 b6 5. e3 Bb7 6. Be2 Bd6 7. 0-0 0-0 8. b3 Nbd7 9. Bb2 Qe7 10. Ne5 c5 11. f4 cxd4 12. exd4 Rac8 13. Bf3 Rfd8 14. Re1 Bb4 15. a3 Bxd2 16. Qxd2 Ne4 17. Bxe4 dxe4 18. Nxd7 Rxd7 19. Qf2 f5 20. Re3 Rcd8 21. Rg3 Qf8 22. Bc3 Qd6 23. h4 Qc7 24. a4 a6 25. h5 Ra8 26. h6 g6 27. Kh1 Bc6 28. d5 exd5 29. Qd4 Kf7 30. Qg7+ Ke8 31. Qg8+ 1-0

[Event "Sautron op 15th"]
[Site "Sautron"]
[Date "2015.10.31"]
[Round "8.28"]
[White "Lefevre, Bernard"]
[Black "Primel, Dominique"]
[Result "0-1"]
[WhiteElo "1745"]
[BlackElo "1964"]
[PlyCount "126"]
[EventDate "2015.10.24"]
[EventType "swiss"]
[EventRounds "9"]
[EventCountry "FRA"]
[SourceTitle "EXT 2019"]
[Source "ChessBase"]
[SourceDate "2018.10.10"]
[SourceVersion "1"]
[SourceVersionDate "2018.10.10"]
[SourceQuality "1"]

1. d4 Nf6 2. c4 e6 3. Nc3 Bb4 4. a3 Bxc3+ 5. bxc3 c5 6. Nf3 Nc6 7. e3 0-0 8. Bd3 b6 9. 0-0 Ba6 10. Re1 d6 11. e4 e5 12. d5 Na5 13. Qa4 Qe8 14. Qxe8 Rfxe8 15. Nd2 Nh5 16. a4 g6 17. f3 f6 18. Bb2 Re7 19. Re3 Rf8 20. Rd1 Ng7 21. Bc1 h5 22. g3 f5 23. exf5 gxf5 24. Kg2 Ref7 25. Rf1 Bc8 26. Bb2 Bd7 27. Bc2 Rf6 28. Ree1 Rg6 29. h3 Ne8 30. Bc1 Rg7 31. Kh2 Kh8 32. Rg1 Rfg8 33. Bd1 Nf6 34. Ref1 Kh7 35. Rf2 Kg6 36. Rgg2 Kf7 37. Rf1 h4 38. g4 Nh5 39. Bc2 Ng3 40. Rfg1 f4 41. Bb2 Kf6 42. Ra1 Be8 43. Bd3 Bg6 44. Ne4+ Bxe4 45. fxe4 Ke7 46. Rf2 Kd7 47. Bc1 Kc7 48. Rb1 Rb8 49. Bd2 Rgg8 50. Be1 Rgf8 51. Rf3 Nb7 52. Kg2 Rh8 53. Bxg3 hxg3 54. Rff1 a5 55. Rh1 Rh4 56. Bf1 Nd8 57. Kf3 Nf7 58. Bg2 Ng5+ 59. Ke2 Rbh8 60. Rbg1 Nxh3 61. Rxh3 Rxh3 62. Bxh3 Rxh3 63. Kf1 f3 0-1

[Event "Sautron op 15th"]
[Site "Sautron"]
[Date "2015.10.29"]
[Round "7.12"]
[White "Primel, Dominique"]
[Black "Navrotescu, Andreea Cristiana"]
[Result "0-1"]
[WhiteElo "1964"]
[BlackElo "2270"]
[PlyCount "114"]
[EventDate "2015.10.24"]
[EventType "swiss"]
[EventRounds "9"]
[EventCountry "FRA"]
[SourceTitle "EXT 2019"]
[Source "ChessBase"]
[SourceDate "2018.10.10"]
[SourceVersion "1"]
[SourceVersionDate "2018.10.10"]
[SourceQuality "1"]

1. e4 c5 2. Nf3 e6 3. d4 cxd4 4. Nxd4 Nf6 5. Nc3 Nc6 6. Ndb5 Bc5 7. Nd6+ Ke7 8. Nxc8+ Rxc8 9. Be2 h6 10. 0-0 a6 11. a3 Re8 12. Bf4 d5 13. exd5 exd5 14. Bf3 d4 15. Ne4 Nxe4 16. Bxe4 Kf8 17. Bf5 Ra8 18. Qh5 Ne5 19. Rae1 Qf6 20. Bg3 Bd6 21. Be4 Nc6 22. f4 Bc7 23. Bh4 Qd6 24. Bd5 Qd7 25. Be4 Qd6 26. Bd5 Qd7 27. Be4 Bb6 28. Kh1 Bd8 29. Bg3 Bf6 30. Qc5+ Kg8 31. Bf2 Qc7 32. Bg3 Qa5 33. Qxa5 Nxa5 34. b4 Nc6 35. Bd3 Rac8 36. Kg1 a5 37. b5 Ne7 38. Be4 b6 39. Bf2 Rc3 40. Ra1 Nc8 41. Rfe1 Nd6 42. Bd3 Rd8 43. Red1 Nb7 44. g4 Nc5 45. Be1 Nxd3 46. Bxc3 Nxf4 47. Bb2 Rc8 48. Rd2 Rc5 49. a4 Rc4 50. Kf2 Ne6 51. Re2 Rb4 52. Ra2 Bh4+ 53. Kf3 Bf6 54. Kg3 Kh7 55. Bc1 Nc5 56. Re8 Nxa4 57. Rb8 Be5+ 0-1

[Event "Avoine op 30th"]
[Site "Avoine"]
[Date "2015.07.18"]
[Round "1"]
[White "Primel, Dominique"]
[Black "Kirk, Ezra"]
[Result "0-1"]
[WhiteElo "2000"]
[BlackElo "2321"]
[PlyCount "76"]
[EventDate "2015.07.18"]
[EventType "swiss"]
[EventRounds "9"]
[EventCountry "FRA"]
[SourceTitle "EXT 2016"]
[Source "ChessBase"]
[SourceDate "2015.10.08"]
[SourceVersion "1"]
[SourceVersionDate "2015.10.08"]
[SourceQuality "1"]

1. Nf3 Nf6 2. c4 g6 3. Nc3 Bg7 4. e4 d6 5. d4 0-0 6. Be2 Nbd7 7. 0-0 e5 8. Be3 Ng4 9. Bg5 f6 10. Bd2 Nh6 11. Qc2 Nf7 12. Rad1 c6 13. Bc1 Qe7 14. a3 exd4 15. Nxd4 Nc5 16. f3 Ne6 17. Nb3 Re8 18. Rfe1 Bd7 19. Bf1 Rad8 20. Be3 b6 21. Nd2 f5 22. Ndb1 fxe4 23. Nxe4 Bc8 24. Nec3 Bb7 25. Bf2 Qf8 26. Qa4 Ra8 27. b4 Ne5 28. Qb3 Nf4 29. Bg3 Kh8 30. a4 d5 31. cxd5 cxd5 32. Nb5 Rad8 33. N1c3 d4 34. Ne4 d3 35. Bxf4 Qxf4 36. Nbd6 Rxd6 37. Nxd6 Nxf3+ 38. gxf3 Bd4+ 0-1

[Event "Angers op 10th"]
[Site "Angers"]
[Date "2015.04.25"]
[Round "3"]
[White "Bailet, Pierre"]
[Black "Primel, Dominique"]
[Result "1-0"]
[WhiteElo "2500"]
[BlackElo "1961"]
[PlyCount "67"]
[EventDate "2015.04.24"]
[EventType "swiss"]
[EventRounds "6"]
[EventCountry "FRA"]
[SourceTitle "CBM 166 Extra"]
[Source "ChessBase"]
[SourceDate "2015.06.18"]
[SourceVersion "1"]
[SourceVersionDate "2015.06.18"]
[SourceQuality "1"]

1. e4 c5 2. Nf3 e6 3. b3 a6 4. Bb2 Nc6 5. Be2 d6 6. d4 cxd4 7. Nxd4 Nf6 8. Nxc6 bxc6 9. e5 Nd5 10. exd6 Bxd6 11. 0-0 0-0 12. Nd2 Qc7 13. g3 f6 14. Nc4 Be7 15. Bd3 g6 16. Qd2 e5 17. Qh6 Bc5 18. Rae1 Qg7 19. Qh4 Re8 20. a3 Bd7 21. b4 Bf8 22. Nd2 a5 23. c4 g5 24. Qh5 Nc7 25. Ne4 Be7 26. Nxg5 fxg5 27. Bxe5 Qf7 28. Qxf7+ Kxf7 29. Bxc7 axb4 30. axb4 Bh3 31. b5 cxb5 32. cxb5 Bxf1 33. Kxf1 h6 34. b6 1-0

[Event "Angers op 10th"]
[Site "Angers"]
[Date "2015.04.24"]
[Round "1"]
[White "Couchet, Renaud"]
[Black "Primel, Dominique"]
[Result "0-1"]
[WhiteElo "1686"]
[BlackElo "1961"]
[PlyCount "66"]
[EventDate "2015.04.24"]
[EventType "swiss"]
[EventRounds "6"]
[EventCountry "FRA"]
[SourceTitle "CBM 166 Extra"]
[Source "ChessBase"]
[SourceDate "2015.06.18"]
[SourceVersion "1"]
[SourceVersionDate "2015.06.18"]
[SourceQuality "1"]

1. e4 c5 2. c3 Nf6 3. e5 Nd5 4. Nf3 e6 5. d4 cxd4 6. cxd4 d6 7. Bc4 Nc6 8. 0-0 Be7 9. Qe2 0-0 10. a3 Bd7 11. Rd1 Rc8 12. Nbd2 Na5 13. Ba2 Ba4 14. Re1 Bc2 15. Ne4 Nb3 16. Bxb3 Bxb3 17. Bg5 dxe5 18. Bxe7 Nxe7 19. dxe5 Qb6 20. Nd6 Rc2 21. Qe3 Qxe3 22. Rxe3 Bd5 23. b4 a6 24. Ne1 Rc7 25. Nd3 Ng6 26. Rc1 Rxc1+ 27. Nxc1 Rd8 28. Nd3 Nxe5 29. Nxe5 Rxd6 30. Rc3 Bc6 31. Kf1 f6 32. Nc4 Bb5 33. Ke1 Rc6 0-1

[Event "Cappelle op 31st"]
[Site "Cappelle la Grande"]
[Date "2015.03.05"]
[Round "7"]
[White "Santos, Hugo Lima"]
[Black "Primel, Dominique"]
[Result "1/2-1/2"]
[WhiteElo "2264"]
[BlackElo "1982"]
[PlyCount "92"]
[EventDate "2015.02.28"]
[EventType "swiss"]
[EventRounds "9"]
[EventCountry "FRA"]
[SourceTitle "EXT 2016"]
[Source "ChessBase"]
[SourceDate "2015.10.08"]
[SourceVersion "1"]
[SourceVersionDate "2015.10.08"]
[SourceQuality "1"]

1. e4 c5 2. Nc3 a6 3. g3 b5 4. Bg2 Bb7 5. Nge2 e6 6. d4 cxd4 7. Nxd4 Nc6 8. Nxc6 dxc6 9. Qf3 e5 10. 0-0 Nf6 11. Bg5 Be7 12. Nd1 Nd7 13. Bc1 0-0 14. Ne3 Qc7 15. h4 Nc5 16. Nf5 Ne6 17. Qg4 Bf6 18. Bg5 Bxg5 19. hxg5 Rfd8 20. Ne3 Rd2 21. Kh1 Nd4 22. c3 Ne6 23. b3 Qa5 24. Qf5 Qxc3 25. Ng4 Re8 26. Rac1 Qd4 27. Nxe5 Nxg5 28. Nxc6 Bxc6 29. Rxc6 h6 30. Rc8 Rxc8 31. Qxc8+ Kh7 32. f4 Ne6 33. Qxa6 Qb2 34. Rg1 Nd4 35. Qc8 Qxa2 36. Qd7 Qxb3 37. e5 g6 38. f5 Nxf5 39. Qxd2 Qxg3 40. Qe1 Qg4 41. Bf1 Qh5+ 42. Kg2 Nh4+ 43. Kg3 Nf5+ 44. Kg2 Nh4+ 45. Kg3 Nf5+ 46. Kg2 Nh4+ 1/2-1/2

[Event "Cappelle op 31st"]
[Site "Cappelle la Grande"]
[Date "2015.03.02"]
[Round "3"]
[White "Rydstrom, Tom"]
[Black "Primel, Dominique"]
[Result "1-0"]
[WhiteElo "2315"]
[BlackElo "1982"]
[PlyCount "69"]
[EventDate "2015.02.28"]
[EventType "swiss"]
[EventRounds "9"]
[EventCountry "FRA"]
[SourceTitle "EXT 2016"]
[Source "ChessBase"]
[SourceDate "2015.10.08"]
[SourceVersion "1"]
[SourceVersionDate "2015.10.08"]
[SourceQuality "1"]

1. e4 c5 2. Nf3 e6 3. d4 cxd4 4. Nxd4 a6 5. Bd3 g6 6. Be3 Bg7 7. 0-0 Ne7 8. c4 d5 9. exd5 exd5 10. Nc3 0-0 11. c5 Nd7 12. Nb3 Ne5 13. Be2 Be6 14. Na4 Nf5 15. Bf4 Qh4 16. g3 Qf6 17. Rc1 Nc6 18. Bf3 g5 19. Bd2 Rad8 20. Bg2 h6 21. Re1 d4 22. Nb6 Nfe7 23. h3 Rfe8 24. Nc4 Bd5 25. Nd6 Rxd6 26. cxd6 Qxd6 27. Bxd5 Qxd5 28. Rc5 Qd7 29. Qg4 f5 30. Qh5 Rd8 31. h4 b6 32. Rcc1 gxh4 33. Bxh6 Bxh6 34. Qxh6 hxg3 35. Re6 1-0

[Event "Sautron op 14th"]
[Site "Sautron"]
[Date "2014.10.26"]
[Round "2"]
[White "Terrazzoni, Claire"]
[Black "Primel, Dominique"]
[Result "0-1"]
[WhiteElo "1705"]
[BlackElo "1993"]
[PlyCount "45"]
[EventDate "2014.10.26"]
[EventType "swiss"]
[EventRounds "9"]
[EventCountry "FRA"]
[SourceTitle "EXT 2016"]
[Source "ChessBase"]
[SourceDate "2015.10.08"]
[SourceVersion "1"]
[SourceVersionDate "2015.10.08"]
[SourceQuality "1"]

1. e4 c5 2. Nf3 d6 3. d4 cxd4 4. Nxd4 Nf6 5. Nc3 a6 6. Be3 e6 7. Qd2 b5 8. f3 Bb7 9. 0-0-0 Be7 10. g4 h6 11. h4 Nbd7 12. Bg2 Ne5 13. Kb1 Nc4 14. Qf2 Nd7 15. Bc1 Qb6 16. Qg1 0-0-0 17. g5 hxg5 18. hxg5 b4 19. Nce2 g6 20. Rh6 a5 21. Qh2 Rhf8 22. Rh7 Nc5 23. Bh3 0-1

[Event "Avoine op 29th"]
[Site "Avoine"]
[Date "2014.07.23"]
[Round "5"]
[White "Primel, Dominique"]
[Black "Aubry, Yannis"]
[Result "0-1"]
[WhiteElo "2011"]
[BlackElo "2255"]
[PlyCount "148"]
[EventDate "2014.07.19"]
[EventType "swiss"]
[EventRounds "9"]
[EventCountry "FRA"]
[SourceTitle "CBM 161 Extra"]
[Source "ChessBase"]
[SourceDate "2014.08.29"]
[SourceVersion "1"]
[SourceVersionDate "2014.08.29"]
[SourceQuality "1"]

1. Nf3 d6 2. d4 g6 3. c4 Bg7 4. Nc3 Bg4 5. e3 c5 6. Be2 cxd4 7. exd4 Nh6 8. 0-0 Nf5 9. Be3 0-0 10. Qd2 a6 11. d5 Nd7 12. Rac1 Rc8 13. b3 Qa5 14. Nd4 Nxe3 15. Qxe3 Bxd4 16. Qxd4 Bxe2 17. Nxe2 Qxa2 18. Qe3 Ne5 19. Nd4 Qa5 20. Rcd1 Qc5 21. Kh1 Rce8 22. f4 Ng4 23. Qg3 f5 24. h3 Nf6 25. Ne6 Ne4 26. Qf3 Qb4 27. Qd3 Rf6 28. g4 Qc3 29. Qxc3 Nxc3 30. Rd3 Ne4 31. g5 Rf7 32. h4 Rc8 33. Kg1 Nc5 34. Re3 Nxe6 35. Rxe6 b5 36. cxb5 axb5 37. Ra1 Rc5 38. Ra8+ Kg7 39. Ra7 Rxd5 40. Rexe7 Rxe7 41. Rxe7+ Kg8 42. Kf2 Rd3 43. Rd7 Kf8 44. Ke2 Ke8 45. Rxh7 Rxb3 46. Rg7 Rh3 47. Rxg6 Rxh4 48. Rxd6 Rxf4 49. Rb6 b4 50. Rb7 Rg4 51. g6 Rxg6 52. Rxb4 Kf7 53. Rb7+ Kf6 54. Rb6+ Kg5 55. Rb5 Kg4 56. Kf2 Ra6 57. Rb2 Ra3 58. Rc2 f4 59. Rc8 Ra2+ 60. Kf1 Kg3 61. Rg8+ Kf3 62. Ke1 Ra1+ 63. Kd2 Kf2 64. Rf8 f3 65. Rf7 Ra8 66. Re7 Rd8+ 67. Kc3 Kg2 68. Rg7+ Kf1 69. Rf7 f2 70. Kc2 Rd5 71. Rf8 Ke2 72. Re8+ Kf3 73. Rf8+ Ke3 74. Re8+ Kf4 0-1

[Event "Angers op 9th"]
[Site "Angers"]
[Date "2014.05.10"]
[Round "4"]
[White "Primel, Dominique"]
[Black "Vercautrin, Khepra"]
[Result "1-0"]
[WhiteElo "2006"]
[BlackElo "1627"]
[PlyCount "49"]
[EventDate "2014.05.09"]
[EventType "swiss"]
[EventRounds "6"]
[EventCountry "FRA"]
[SourceTitle "CBM 160 Extra"]
[Source "ChessBase"]
[SourceDate "2014.07.01"]
[SourceVersion "1"]
[SourceVersionDate "2014.07.01"]
[SourceQuality "1"]

1. Nf3 c5 2. c4 Nf6 3. Nc3 Nc6 4. d4 cxd4 5. Nxd4 e6 6. Ndb5 d5 7. Bf4 d4 8. Nc7+ Ke7 9. N3b5 e5 10. Bg5 Be6 11. Nxa8 Bxc4 12. Nbc7 Kd7 13. g3 h6 14. Bh3+ Be6 15. Bxe6+ fxe6 16. Bxf6 Bb4+ 17. Kf1 Qxf6 18. Kg2 Rf8 19. Rf1 e4 20. Rc1 Qe5 21. Qb3 d3 22. exd3 exd3 23. Qxd3+ Ke7 24. Qe3 Qf6 25. Nd5+ 1-0

[Event "Angers op 9th"]
[Site "Angers"]
[Date "2014.05.09"]
[Round "2"]
[White "Primel, Dominique"]
[Black "Harutyunyan, Ruben"]
[Result "1-0"]
[WhiteElo "2006"]
[BlackElo "1615"]
[PlyCount "77"]
[EventDate "2014.05.09"]
[EventType "swiss"]
[EventRounds "6"]
[EventCountry "FRA"]
[SourceTitle "CBM 160 Extra"]
[Source "ChessBase"]
[SourceDate "2014.07.01"]
[SourceVersion "1"]
[SourceVersionDate "2014.07.01"]
[SourceQuality "1"]

1. Nf3 Nf6 2. c4 c6 3. d4 d5 4. Nbd2 Bf5 5. Nh4 Bg4 6. h3 Bh5 7. g4 Bg6 8. Bg2 e6 9. Qb3 Qc7 10. Nxg6 hxg6 11. e4 Nxe4 12. Nxe4 dxe4 13. Bxe4 Bd6 14. Be3 Nd7 15. 0-0-0 0-0-0 16. Kb1 Nf6 17. Bf3 Bf4 18. d5 Bxe3 19. fxe3 exd5 20. cxd5 Nxd5 21. Bxd5 Rxd5 22. Rxd5 cxd5 23. Rc1 Rxh3 24. Rxc7+ Kxc7 25. Qxd5 b6 26. Qxf7+ Kc6 27. Qxg6+ Kb7 28. Qxg7+ Ka6 29. Qd4 Rh4 30. Kc2 Rh2+ 31. Kb3 Rh7 32. Qd3+ Ka5 33. Qxh7 a6 34. Qf5+ b5 35. g5 Kb6 36. g6 a5 37. g7 b4 38. g8Q a4+ 39. Kxa4 1-0